Física : (Registro nro. 30055)

Detalles MARC
000 -LEADER
fixed length control field 00908nam a2200253Ia 4500
003 - CONTROL NUMBER IDENTIFIER
control field CO-CtgCURN
005 - DATE AND TIME OF LATEST TRANSACTION
control field 20250409210218.0
008 - FIXED-LENGTH DATA ELEMENTS--GENERAL INFORMATION
fixed length control field 190724s2001 xx 000 0 und d
020 ## - INTERNATIONAL STANDARD BOOK NUMBER
International Standard Book Number 9786071504715
040 ## - CATALOGING SOURCE
Original cataloging agency CO-CtgCURN
Language of cataloging spa
Transcribing agency coctgcurn
082 ## - DEWEY DECIMAL CLASSIFICATION NUMBER
Classification number 530
Item number T595f
100 ## - MAIN ENTRY--PERSONAL NAME
Personal name Tippens, Paul E.
Relator term autor
9 (RLIN) 5148
245 #0 - TITLE STATEMENT
Title Física :
Remainder of title conceptos y aplicaciones /
Statement of responsibility, etc. Paul E. Tippens; traducción., Angel Carlos González Ruiz
260 ## - PUBLICATION, DISTRIBUTION, ETC.
Place of publication, distribution, etc. Perú :
Name of publisher, distributor, etc. McGraw-Hill,
Date of publication, distribution, etc. 2001
300 ## - PHYSICAL DESCRIPTION
Extent 782 páginas ;
Dimensions 27 centímetros
500 ## - GENERAL NOTE
General note Titulo original : Physics
521 ## - TARGET AUDIENCE NOTE
Target audience note AREA BASICA
590 ## - LOCAL NOTE (RLIN)
Local note Programa de Mecánica Dental_25
650 ## - SUBJECT ADDED ENTRY--TOPICAL TERM
Topical term or geographic name entry element Fisica
9 (RLIN) 5149
700 ## - ADDED ENTRY--PERSONAL NAME
Personal name González Ruiz, Angel Carlos
Relator term traductor
9 (RLIN) 5150
942 ## - ADDED ENTRY ELEMENTS (KOHA)
Koha item type Libros
Classification part 530
Item part T595f
Source of classification or shelving scheme Dewey Decimal Classification
Koha issues (borrowed), all copies 1
Existencias
Withdrawn status Lost status Damaged status Not for loan Collection Home library Current library Shelving location Date acquired Inventory number Total checkouts Full call number Barcode Date last seen Date last checked out Copy number Price effective from Koha item type
        General Miguel Henríquez Castañeda Barranquilla Miguel Henríquez Castañeda Barranquilla General 05/23/2018 03736 1 530 T595f 03736 10/13/2022 09/30/2022 ej.1 07/25/2019 Libros
        General Miguel Henríquez Castañeda Barranquilla Miguel Henríquez Castañeda Barranquilla General 05/23/2018 03737   530 T595f 03737 07/25/2019   ej.2 07/25/2019 Libros